| 000 | 00647nam a22001817a 4500 | ||
|---|---|---|---|
| 003 | AM-YeHGA | ||
| 005 | 20250617154006.0 | ||
| 008 | 180409s xxu||||| |||| 00| 0 rus d | ||
| 040 | _aAM-YeHGA | ||
| 041 | 1 |
_arus _hund |
|
| 100 | 1 |
_aДжегутанов, Кали Салим-Гериевич, _d1927-1987 |
|
| 245 | 1 | 0 |
_aУтро : _bАвториз. пер. с абазин. / _cКали Джегутанов. |
| 260 |
_a[Черкесск] : _bКарачаево-Черкес. кн. изд-во, _c1957. |
||
| 300 | _a27 с. | ||
| 650 | 1 | 4 |
_aАбазинская литература _xПоэзия _y20 в. |
| 942 |
_2udc _cBK |
||
| 090 | _c404602 | ||
| 999 |
_c402387 _d402387 |
||